logo

Bir Sreshtho Munshi Abdur Rouf Library
Jhenaidah Cadet College

পার্থিব / (Record no. 5639)

MARC details
000 -LEADER
fixed length control field 00765nam a2200241 a 4500
001 - CONTROL NUMBER
JCCL Control Number 5639
003 - CONTROL NUMBER IDENTIFIER
JCCL marc code BD-JhCC
005 - DATE AND TIME OF LATEST TRANSACTION
control field 20200408134007.0
008 - FIXED-LENGTH DATA ELEMENTS--GENERAL INFORMATION
fixed length control field 171219s1994 ii ||||| |||| 00| 0 ben d
035 ## - SYSTEM CONTROL NUMBER
system control number (BD-JhCC)5639
040 ## - CATALOGING SOURCE
Original cataloging agency BD-JhCC
Modifying agency BD-JhCC
041 ## - LANGUAGE CODE
Language code of Book ben
082 ## - DEWEY DECIMAL CLASSIFICATION NUMBER
Classification number 891.44371
Author mark and Year MUK 1994
100 ## - MAIN ENTRY--PERSONAL NAME
Personal name মুখোপাধ্যায়, শীর্ষেন্দু
245 ## - TITLE STATEMENT
Title পার্থিব /
Statement of responsibility, etc শীর্ষেন্দু মুখোপাধ্যায়
260 ## - PUBLICATION, DISTRIBUTION, ETC. (IMPRINT)
Place of publication, distribution, etc কলিকাতা :
Name of publisher, distributor, etc আনন্দ প্রকাশনী,
Date of publication, distribution, etc 1994.
300 ## - PHYSICAL DESCRIPTION
Pagination 713 p. :
Dimensions 23 cm.
650 ## - SUBJECT ADDED ENTRY--TOPICAL TERM
Topical term or geographic name as entry element Middle Class
650 ## - SUBJECT ADDED ENTRY--TOPICAL TERM
Topical term or geographic name as entry element Bengali Novel
650 ## - SUBJECT ADDED ENTRY--TOPICAL TERM
Topical term or geographic name as entry element Selt. Actualization(psychology)
942 ## - ADDED ENTRY ELEMENTS (KOHA)
Source of classification or shelving scheme Dewey Decimal Classification
Koha item type Books
Koha issues (borrowed), all copies 5
Holdings
Source of classification or shelving scheme Damaged status Not for loan Home library Current library Shelving location Total Checkouts Full call number Barcode Date last seen Date checked out Copy number Koha item type
Dewey Decimal Classification     JCC Rouf Library JCC Rouf Library General Stacks 3 891.44371 MUK 1994 7819 04/11/2020 04/08/2020 C - 1 Books

JCC Library | Contacts | JCC Home

Last Update on 23 September 2017
Copyright @ 2017-2020 JCC Rouf Library
Rouf Library, Jhenidah Cadet College (JCC), Bangladesh